00414nam a2200157Ia 4500100003200000250000600032942000700038654000800045245001300053260003500066082002000101300000800121546001200129999001700141952009800158 aCline/Marsh/ Lomow/ Greg A  a2 cBK aC++ aC++ FAQS bAddison Wesley PubaNONEc1999 a005.133'C'bCLI a587 aENGLISH c32958d32958 001040708CRCaCRCEbCRCEd2023-03-17l0o005.133'C' CLIp11263r2023-03-17w2023-03-17yBK